Normal view
MARC view
- Houldin, I E
Entry Personal Name
001 - CONTROL NUMBER
- control field: 6758
003 - CONTROL NUMBER IDENTIFIER
- control field: OSt
005 - DATE AND TIME OF LATEST TRANSACTION
- control field: 20250104150626.0
008 - FIXED-LENGTH DATA ELEMENTS
- fixed length control field: 250104|| aca||aabn | a|a d
040 ## - CATALOGING SOURCE
- Original cataloging agency: OSt
- Transcribing agency: OSt
100 ## - HEADING--PERSONAL NAME
- Personal name: Houldin, I E
670 ## - SOURCE DATA FOUND
- Source citation: Work cat.: (OSt)3179: Gavin, M R . 6757, Principles of electronics / , 1959.
